Home Print Resources E-Books E-Journals IIMT Lecture Series Library Membership Form Book Recommendation Form Campus Tour Take AdmissionAbout Us Contact Us

PURCHAGING & MATERIAL MANAGEMENT (Record no. 9753)

000 -LEADER
fixed length control field 00309nam a2200133Ia 4500
003 - CONTROL NUMBER IDENTIFIER
control field OSt
005 - DATE AND TIME OF LATEST TRANSACTION
control field 20240312095929.0
008 - FIXED-LENGTH DATA ELEMENTS--GENERAL INFORMATION
fixed length control field 170524s9999 xx 000 0 und d
020 ## - INTERNATIONAL STANDARD BOOK NUMBER
International Standard Book Number 978-0074516508
040 ## - CATALOGING SOURCE
Transcribing agency IIMT
100 ## - MAIN ENTRY--PERSONAL NAME
Personal name GOPALKRISHNAN- P
245 #0 - TITLE STATEMENT
Title PURCHAGING & MATERIAL MANAGEMENT
942 ## - ADDED ENTRY ELEMENTS (KOHA)
Source of classification or shelving scheme
Koha item type Book Bank
Holdings
Withdrawn status Lost status Source of classification or shelving scheme Damaged status Not for loan Home library Current library Date acquired Barcode Date last seen Price effective from Koha item type Total Checkouts Date last checked out
          IIMT University Central Library Meerut IIMT University Central Library Meerut 05/31/2017 01-B-95550 05/31/2017 05/31/2017 Reference Book    
          IIMT University Central Library Meerut IIMT University Central Library Meerut 05/31/2017 01-B-95551 05/31/2017 05/31/2017 Book Bank    
          IIMT University Central Library Meerut IIMT University Central Library Meerut 05/31/2017 01-B-95552 05/31/2017 05/31/2017 Book Bank    
          IIMT University Central Library Meerut IIMT University Central Library Meerut 05/31/2017 01-B-95553 05/23/2019 05/31/2017 Book Bank 1 05/23/2019
IIMT, Central Library. All Rights Reserved IIMT,UNIVERSITY © 2023
Implemented and Customised by I CLOUDE EMS
You Are OPAC Visitor No
free web counter

Powered by Koha